ARRUPE JESUIT UNIVERSITY

CORONAVIRUS -STOP THE SPREAD - CLEAN,DISINFECT,COVER

Le langage des gestes rituels / (Record no. 127856)

MARC details
000 -LEADER
fixed length control field 01128cam a2200301 a 4500
001 - CONTROL NUMBER
control field 4701777
003 - CONTROL NUMBER IDENTIFIER
control field ARRUPE
005 - DATE AND TIME OF LATEST TRANSACTION
control field 20180404115625.0
008 - FIXED-LENGTH DATA ELEMENTS--GENERAL INFORMATION
fixed length control field 820825m19819999cg a b 001 0 fre
010 ## - LIBRARY OF CONGRESS CONTROL NUMBER
LC control number 82134452
040 ## - CATALOGING SOURCE
Original cataloging agency DLC
Transcribing agency DLC
Modifying agency DLC
043 ## - GEOGRAPHIC AREA CODE
Geographic area code f-cg---
050 00 - LIBRARY OF CONGRESS CALL NUMBER
Classification number GN654
Item number .H6 1981
082 00 - DEWEY DECIMAL CLASSIFICATION NUMBER
Classification number 001.56
Edition number 19
300 ## - PHYSICAL DESCRIPTION
Other physical details ill. ;
Dimensions 24 cm.
100 1# - MAIN ENTRY--PERSONAL NAME
Personal name Hochegger, Hermann.
9 (RLIN) 38498
245 13 - TITLE STATEMENT
Title Le langage des gestes rituels /
Statement of responsibility, etc Hermann Hochegger ; dessins, Binia Binalbe & Ngana Mulwa.
260 ## - PUBLICATION, DISTRIBUTION, ETC. (IMPRINT)
Place of publication, distribution, etc Bandundu :
Name of publisher, distributor, etc Ceeba,
Date of publication, distribution, etc c1981-<c1982 >
300 ## - PHYSICAL DESCRIPTION
Extent v. <1-2 > :
490 1# - SERIES STATEMENT
Series statement Publications / Ceeba. Série II ;
Volume number/sequential designation vol. 66-67
500 ## - GENERAL NOTE
General note Includes indexes.
504 ## - BIBLIOGRAPHY, ETC. NOTE
Bibliography, etc Bibliography: v. 1, p. [385]-402.
650 #0 - SUBJECT ADDED ENTRY--TOPICAL TERM
Topical term or geographic name as entry element Rites and ceremonies
Geographic subdivision Congo (Democratic Republic)
9 (RLIN) 38822
650 #0 - SUBJECT ADDED ENTRY--TOPICAL TERM
Topical term or geographic name as entry element Gesture
Geographic subdivision Congo (Democratic Republic)
9 (RLIN) 41296
650 #0 - SUBJECT ADDED ENTRY--TOPICAL TERM
Topical term or geographic name as entry element Nonverbal communication
Geographic subdivision Congo (Democratic Republic)
9 (RLIN) 41297
651 #0 - SUBJECT ADDED ENTRY--GEOGRAPHIC NAME
Geographic name Congo (Democratic Republic)
General subdivision Social life and customs.
9 (RLIN) 25892
830 #0 - SERIES ADDED ENTRY--UNIFORM TITLE
Uniform title Publications (Ceeba).
Number of part/section of a work Série II ;
Volume number/sequential designation v. 66, etc.
9 (RLIN) 41298
906 ## - LOCAL DATA ELEMENT F, LDF (RLIN)
a 7
b cbc
c orignew
d 2
e ncip
f 19
g y-gencatlg
942 ## - ADDED ENTRY ELEMENTS (KOHA)
Source of classification or shelving scheme Library of Congress Classification
Koha item type Monograph ( Printed materials)
Holdings
Withdrawn status Lost status Source of classification or shelving scheme Damaged status Not for loan Collection code Home library Current library Shelving location Date acquired Total Checkouts Full call number Barcode Date last seen Price effective from Koha item type
    Library of Congress Classification     Main Collection ARRUPE LIBRARY ARRUPE LIBRARY Main Collection 04/04/2018   GN654 .H6 1981 vol. 1 46600001697 04/04/2018 04/04/2018 Monograph ( Printed materials)
    Library of Congress Classification     Main Collection ARRUPE LIBRARY ARRUPE LIBRARY Main Collection 04/04/2018   GN654 .H6 1981 vol. 2 46600001698 04/04/2018 04/04/2018 Monograph ( Printed materials)
    Library of Congress Classification     Main Collection ARRUPE LIBRARY ARRUPE LIBRARY Main Collection 04/04/2018   GN654 .H6 1981 vol. 3 46600001699 04/04/2018 04/04/2018 Monograph ( Printed materials)

 

Arrupe Library. PO Box MP320 Mt Pleasant, Harare, Zimbabwe
263 242 745411|librarian@aju.ac.zw